000 01099cam a2200313 4500
001 32270
003 BD-RjUL
005 20211209051818.0
008 140424s1970 enkab b 001 0 eng d
020 _a0521078253
035 _a(BD-RjUL)32359
040 _aDLC
_cDLC
_dDLC
_dBD-RjUL
_beng
041 _aeng
082 0 0 _a294.39109593
_bTAB 1970
100 1 _aTambiah, Stanley Jeyaraja,
_d1929-
_998168
245 1 0 _aBuddhism and the spirit cults in north-east Thailand /
_c S.J. Tambiah.
260 _aCambridge :
_bUniversity Press,
_c1970.
300 _axi, 388 p. :
_bill. ;
_c24 cm.
350 _a5/5/-
_a($16.50)
490 0 _aCambridge studies in social anthropology,
_vno. 2
504 _aBibliography: p. 379-384. and Index
650 0 _aBuddhism
_xRelations.
_997696
651 0 _aThailand
_xReligion.
_998169
856 4 1 _3Table of contents only
_uhttp://www.loc.gov/catdir/enhancements/fy0916/73108112-t.html
856 4 2 _3Publisher description
_uhttp://www.loc.gov/catdir/enhancements/fy0916/73108112-d.html
942 _2ddc
_cBK
999 _c32270
_d32270